00549nam a22001817a 450000500170000000800410001702000180005804000210007604100080009708200180010510000360012324500850015925000120024426000460025630000100030265000230031270000320033520250902083558.0250902b |||||||| |||| 00| 0 eng d a9789391064587 aIN-DiNCcIN-DiNC deng a301.0954bSLA aSlariya, Mohinder Kumareauthor aSociology of India-I (Major3)/cBy Mohinder Kumar Slariya and Abhishiant Slariya a2nd ed. aDibrugarh:bMahaveer publications,c2024. a186p. aSociology of India aSlariya, Abhishianteauthor